| 000 -LEADER |
| fixed length control field |
00979nam a2200157 4500 |
| 008 - FIXED-LENGTH DATA ELEMENTS--GENERAL INFORMATION |
| fixed length control field |
750114s1954 pauaf 000 0 eng d |
| 100 ## - MAIN ENTRY--AUTHOR'S NAME |
| Author's Name |
National Philatelic Museum |
| 245 10 - TITLE STATEMENT |
| Title |
Vatican Marian Year Philatelic Exhibition : |
| Remainder of title |
September 22-November 5, 1954, under the patronage of His Eminence Francis Cardinal Spellman in cooperation with the Vatican City Postal Administration, National Philatelic Museum, to commemorate the twenty-fifth anniversary of the first postage stamps of the State of the Vatican City and to philatelically mark the Marian Year of 1954 proclaimed by His Holiness, Pope Pius XII on the centenary of the Dogma of the Immaculate Conception.. |
| 260 ## - PUBLICATION, DISTRIBUTION, ETC. (IMPRINT) |
| Place of publication, distribution, etc. |
Philadelphia : |
| Name of publisher, distributor, etc. |
National Philatelic Museum, |
| Date of publication, distribution, etc. |
[1954] |
| 490 0# - SERIES STATEMENT |
| Series statement |
Official bulletin / National Philatelic Museum ; |
| Volume/sequential designation |
v. 7, no. 1 |
| 500 ## - GENERAL NOTE |
| General note |
Cover title: Vatican. |
| 650 #0 - TOPICAL TERM (Tag) |
| Topical term or geographic name |
Postage stamps |
| Geographic subdivision |
Vatican |
| 650 #0 - TOPICAL TERM (Tag) |
| Topical term or geographic name |
Vatican |
| 650 #0 - TOPICAL TERM (Tag) |
| Topical term or geographic name |
Christianity on postage stamps |